| 000 | 00696nam a22002057a 4500 | ||
|---|---|---|---|
| 999 |
_c188486 _d188486 |
||
| 005 | 20220525104022.0 | ||
| 010 | _aENG-132812 | ||
| 020 |
_a9788131533048 _c825.00 |
||
| 035 | _aEN-116344 | ||
| 037 | _bDBAD/PUB | ||
| 082 | _a519.2 | ||
| 100 | _aMendenhall, William | ||
| 245 |
_aIntroduction to Probability and Statistics/ _cWilliam Mendenhall, Robert J. Beaver and Barabara M. Beaver |
||
| 260 |
_aDelhi _bCengage Learning India Private Limited _c2013 |
||
| 270 |
_a418, F.I.E. Patparganj _bDelhi _e110092 _masia.infoindia@cengage.com |
||
| 300 |
_a720p _bIndex _c25cm(pbk) |
||
| 700 | _aBeaver, Robert J. | ||
| 700 | _aBeaver, Barbara M. | ||
| 942 |
_2ddc _cEN _h519.2 _mMEN |
||